| 000 | 00000nam##2200000za#4500 |
| 001 | 9.608407 |
| 003 | CaOODSP |
| 005 | 20210624213617 |
| 007 | cr ||||||||||| |
| 008 | 150406|2015||||xxc|||||o f|0| 0 fre|d |
| 040 | |aCaOODSP|bfre |
| 043 | |an-cn--- |
| 086 | 1 |aXC59-1/1-412-34F-PDF |
| 110 | 1 |aCanada. |bParlement. |bChambre des communes. |bComité permanent de la procédure et des affaires de la Chambre. |
| 245 | 10|a[Question de privilège concernant la libre circulation des députés au sein de la Cité parlementaire] / |h[ressource électronique]|cLe président: Joe Preston. |
| 260 | |aOttawa - Ontario : |bChambre des communes. |c[Mars 2015]. |
| 300 | |a11p.|bréférences |
| 490 | 1 |aRapport du Comité permanent de la procédure et des affaires de la Chambre|vTrente-quatrième rapport, 41e législature, 2e session |
| 590 | |a15-13|b2015-03-27 |
| 775 | 08|t[Question of privilege regarding the free movement of Members within the Parliamentary Precinct] / |w(CaOODSP)9.581640 |
| 830 | #0|aRapport du Comité permanent de la procédure et des affaires de la Chambre ;|vTrente-quatrième rapport, 41e législature, 2e session|w(CaOODSP)9.503307 |
| 856 | 40|ahttp://publications.gc.ca|qPDF|s391 Ko|uhttps://publications.gc.ca/collections/collection_2015/parl/xc59-1/XC59-1-1-412-34-fra.pdf|yTrente-quatrième rapport, 41e législature, 2e session |